| 000 | 00617nam a22001937a 4500 | ||
|---|---|---|---|
| 005 | 20251108172631.0 | ||
| 008 | 250721s1995 xx 000 0 ara d | ||
| 082 | 1 | 4 | _a233,4/حنب/م |
| 100 | 1 | _aأبن حنبل، أبو عبدالله أحمد بن محمد ......... | |
| 245 | 1 | 0 | _aمسند الأمام أحمد بن حنبل / |
| 264 | 1 |
_aبيروت : _bمؤسسة الرسالة، _c1995. |
|
| 300 | _aج | ||
| 650 | 1 | 7 | _aالحديث |
| 650 | 1 | 7 | _aعلوم الحديث |
| 650 | 1 | 7 | _aالحديث المسند |
| 700 | 1 |
_aالأرنوؤط، شعيب _eمحقق |
|
| 942 |
_2ddc _cREF |
||
| 999 |
_c84582 _d84582 |
||